[Event "POL-chT Academic"]
[Site "Chorzow"]
[Date "2022.04.02"]
[Round "1.19"]
[White "Matyjaszczyk, Adrian"]
[Black "Adamczewski, Maciej"]
[Result "0-1"]
[WhiteElo "1515"]
[BlackElo "2056"]
[PlyCount "90"]
[EventDate "2022.04.02"]
[EventType "team-swiss (rapid)"]
[EventRounds "9"]
[EventCountry "POL"]
[SourceTitle "EXT 2024"]
[Source "ChessBase"]
[SourceDate "2023.10.10"]
[SourceVersion "1"]
[SourceVersionDate "2023.10.10"]
[SourceQuality "1"]

1. Nf3 Nf6 2. d4 g6 3. g3 Bg7 4. Bg2 0-0 5. c4 d6 6. 0-0 Nc6 7. Nc3 a6 8. Re1 Na5 9. b3 c5 10. Bb2 Bg4 11. dxc5 dxc5 12. Qc2 Qc7 13. Rad1 Rfd8 14. Ba1 Nc6 15. a3 e6 16. h3 Bxf3 17. Bxf3 Nd4 18. Qa2 Nxf3+ 19. exf3 Qc6 20. Qe2 Qb6 21. Qc2 Qa5 22. a4 Qc7 23. Rxd8+ Rxd8 24. Rd1 Rd6 25. Rxd6 Qxd6 26. Ne2 Nd7 27. Bxg7 Kxg7 28. Qe4 Qd1+ 29. Kg2 Qxb3 30. Nf4 Nf6 31. Qe5 Qxc4 32. g4 h6 33. h4 Qd4 34. Qc7 Qd7 35. Qe5 Qd4 36. Qc7 Kf8 37. g5 hxg5 38. hxg5 Ne8 39. Qb8 Qd6 40. Qxd6+ Nxd6 41. Nd3 c4 42. Nc1 b5 43. axb5 axb5 44. Kf1 b4 45. Ke2 b3 0-1